000 00700nam a22002057a 4500
005 20240530110932.0
008 190211s1987 ua a f b 000 0 ara d
017 _bمصر. دار الكتب
040 _aEG-CaGPL
_cEG-CaGPL
082 0 4 _221
_a369.43\
_bج أ
100 1 _aجنتزر، كيتى
245 1 2 _aالعاب للكشافة والطلبة فى الداخل وفى الهواء الطلق /
_cكيتى جنتزر ؛ ترجمة رشيد شقير
250 _aط.1
260 _aبيروت :
_bمكتبة المعارف،
_c1987
300 _a214 ص. ؛
_c20 سم.
650 0 7 _2qrmak
_aالكشافة
651 _2qrmak
700 0 _aرشيد شقير
_eمترجم
942 _2ddc
_cBK
999 _c66664
_d66664